| 000 | 01442cam a2200361 i 4500 | ||
|---|---|---|---|
| 001 | 32411 | ||
| 003 | Mx-PuUPA | ||
| 005 | 20250428105213.0 | ||
| 008 | 140415s2016 mx a gr 000 0 spa d | ||
| 020 | _a9786073145022 | ||
| 040 |
_aMx-PuUPA _cMx-PuUPA _bspa _dMx-PuUPA _erda |
||
| 041 | 0 | _aspa | |
| 100 | 1 |
_aReyna, Juan, _d1980- _916876 _eautor |
|
| 245 | 1 | 0 |
_aEl extraditado Benjamín Arellano Félix / _cJuan Carlos Reyna ; en colaboración con Farrah Fresnedo. |
| 246 | 1 | 4 |
_aEl extraditado : _blas confesiones del jefe del cártel de Tijuana Benjamín Arellano Félix desde una prisión de máxima seguridad. |
| 250 |
_aPrimera edición / _bjunio |
||
| 264 | 1 |
_aCiudad de México : _bPenguin Random House Grupo Editorial, _c©2016 |
|
| 300 |
_a219 páginas : _bilustraciones ; _c©2016 |
||
| 336 |
_2rdacontent _atexto _btxt |
||
| 337 |
_2rdamedia _asin medio _bn |
||
| 338 |
_2rdacarrier _avolumen _bnc |
||
| 490 | 0 | _aColección México Roto | |
| 600 | 1 |
_aArellano Féliz, Benjamin, _vBiografías |
|
| 650 | 7 |
_913986 _2armarc _aCrímen organizado _zMéxico |
|
| 650 | 7 |
_2armarc _aNarcotraficantes _zMéxico _vBiografía |
|
| 650 | 7 |
_2armarc _aExtradición _zEstados Unidos |
|
| 700 | 1 |
_aFresnedo, Farrah, _ecolaborador |
|
| 942 |
_2ddc _cLI _h345.72052 _iA678 |
||
| 999 |
_c32411 _d32411 |
||